000 00487nam a2200133Ia 4500
005 20260209120135.0
008 260209s9999||||xx |||||||||||||| ||und||
100 _aTenzin Metho
245 0 _aProtection of refugees in India the need for a national legislation : a study
260 _aBangaloreBangalore
_bNLSIU
_c2014
300 _a104 p. ; 25 cm.
700 _aProf. (Dr.) V Vijayakumar - GuideProf. (Dr.) V Vijayakumar - Guide
856 _uhttps://dans.nls.ac.in/handle/123456789/1729
999 _c217191
_d217191